The option trader handbook strategies and trade adjustments /

Bibliographic Details
Main Author: Jabbour, George
Corporate Author: ProQuest (Firm)
Other Authors: Budwick, Philip.
Format: Electronic eBook
Language:English
Published: Hoboken, NJ : Wiley, 2010.
Edition:2nd ed.
Series:Wiley trading system
Subjects:
Online Access:Click to View
LEADER 01323nam a2200373Ia 4500
001 EBC479848
003 MiAaPQ
005 20200520144314.0
006 m o d |
007 cr cn|||||||||
008 091019s2010 nju s 000 0 eng d
010 |z  2009041414 
020 |z 9780470481615 (cloth) 
035 |a (MiAaPQ)EBC479848 
035 |a (Au-PeEL)EBL479848 
035 |a (CaPaEBR)ebr10361084 
035 |a (CaONFJC)MIL268858 
035 |a (OCoLC)609854681 
040 |a MiAaPQ  |c MiAaPQ  |d MiAaPQ 
050 4 |a HG6024.A3  |b J32 2010 
100 1 |a Jabbour, George  |q (George Moussa) 
245 1 4 |a The option trader handbook  |h [electronic resource] :  |b strategies and trade adjustments /  |c George M. Jabbour, Philip H. Budwick. 
250 |a 2nd ed. 
260 |a Hoboken, NJ :  |b Wiley,  |c 2010. 
300 |a xviii, 381 p. 
490 0 |a Wiley trading system 
533 |a Electronic reproduction. Ann Arbor, MI : ProQuest, 2015. Available via World Wide Web. Access may be limited to ProQuest affiliated libraries. 
650 0 |a Options (Finance) 
650 0 |a Options (Finance)  |x Prices. 
650 0 |a Stock options. 
655 4 |a Electronic books. 
700 1 |a Budwick, Philip. 
710 2 |a ProQuest (Firm) 
856 4 0 |u https://ebookcentral.proquest.com/lib/matrademy/detail.action?docID=479848  |z Click to View